Brida ; translated from the Portuguese by Margaret Jull Costa (Record no. 324890)
[ view plain ]
| 000 -LEADER | |
|---|---|
| fixed length control field | 00425 a2200145 4500 |
| 001 - CONTROL NUMBER | |
| control field | 89817 |
| 003 - CONTROL NUMBER IDENTIFIER | |
| control field | NUST |
| 005 - DATE AND TIME OF LATEST TRANSACTION | |
| control field | 20180120153213.0 |
| 008 - FIXED-LENGTH DATA ELEMENTS--GENERAL INFORMATION | |
| fixed length control field | 180120b xxu||||| |||| 00| 0 eng d |
| 082 ## - DEWEY DECIMAL CLASSIFICATION NUMBER | |
| Classification number | 869.342 COE |
| 100 ## - MAIN ENTRY--PERSONAL NAME | |
| Personal name | Coelho Paulo ; Margaret Jull Costa, translator |
| 9 (RLIN) | 9280 |
| 245 ## - TITLE STATEMENT | |
| Title | Brida ; translated from the Portuguese by Margaret Jull Costa |
| 260 ## - PUBLICATION, DISTRIBUTION, ETC. | |
| Place of publication, distribution, etc. | UK |
| Name of publisher, distributor, etc. | Harper Collins Publishers |
| Date of publication, distribution, etc. | 2009 |
| 300 ## - PHYSICAL DESCRIPTION | |
| Extent | iv, 272 p. |
| 500 ## - GENERAL NOTE | |
| General note | General Books |
| 740 ## - ADDED ENTRY--UNCONTROLLED RELATED/ANALYTICAL TITLE | |
| Uncontrolled related/analytical title | english novel |
| 942 ## - ADDED ENTRY ELEMENTS (KOHA) | |
| Institution code [OBSOLETE] | CAE NUST |
| Koha item type | Book |
| Call number prefix | 869.342 COE |
| Source of classification or shelving scheme | |
| Withdrawn status | Lost status | Damaged status | Not for loan | Collection code | Permanent Location | Current Location | Date acquired | Total Checkouts | Full call number | Barcode | Date last seen | Price effective from | Koha item type |
|---|---|---|---|---|---|---|---|---|---|---|---|---|---|
| College of Aeronautical Engineering (CAE) | College of Aeronautical Engineering (CAE) | 04/03/2017 | 869.342 COE | CAE86133 | 04/05/2017 | 04/05/2017 | Book | ||||||
| College of Aeronautical Engineering (CAE) | College of Aeronautical Engineering (CAE) | 04/03/2017 | 869.342 COE | CAE86807 | 04/05/2017 | 04/05/2017 | Book |
